| 000 | 00623nam a2200217 4500 | ||
|---|---|---|---|
| 005 | 20260404115109.0 | ||
| 008 | 260404b |||||||| |||| 00| 0 eng d | ||
| 020 | _a978-93-5696-202-6 | ||
| 041 | _aEnglish | ||
| 082 |
_29th 2025 _a PH 615.1 TRI B13197 |
||
| 100 |
_aTripathi KD _9217602 |
||
| 245 | _aOne Stop Resource Fo All your Exam Needs in Pharmacology | ||
| 250 | _a9th ed 2025 | ||
| 260 |
_aNew Delhi _bJaypee Brothers Medical Pub. _c2025 |
||
| 300 |
_avii; 181p _bpb |
||
| 365 |
_aRupaye _cINR |
||
| 500 | _aPharmacology | ||
| 650 |
_aPharmacology _9217603 |
||
| 651 |
_aPharmacology _9217604 |
||
| 942 | _cBK | ||
| 999 |
_c370866 _d370866 |
||